Arctic Monkeys Lyrics - Black Treacle - Statistics

General Stats
  • This quiz has been taken 124 times
  • The average score is 184 of 218
Answer Stats
Lyrics % Correct
black
100%
Black
100%
the
100%
treacle
100%
a
98%
like
98%
Like
98%
I
97%
sky
95%
to
95%
you
95%
You
95%
And
94%
and
94%
be
94%
But
94%
by
92%
In
92%
in
92%
it,
92%
it
92%
do
90%
it's
90%
I've
90%
looks
90%
More
90%
When
90%
when
90%
your
90%
been
89%
dark
89%
getting
89%
night
89%
not
89%
out
89%
stars
89%
sticky
89%
things
89%
Belly
87%
button
87%
don't
87%
late?
87%
Lately,
87%
Now
87%
now
87%
piercings
87%
seeing
87%
so
87%
you're
87%
at
85%
coming
85%
than
85%
tonight
85%
found
84%
place
84%
we're
84%
any
82%
hide
82%
side
82%
told
82%
want
82%
tar
81%
I'm
79%
of
79%
On
79%
Somebody
79%
they
77%
feel
74%
got
74%
there
74%
wiser
74%
mean
73%
stay
73%
up
73%
concentrate?
71%
Does
71%
just
71%
rain
71%
seems
71%
anybody's
69%
case
69%
gonna
69%
help
69%
never
69%
lose
68%
One
68%
those
68%
under
68%
away
66%
last
66%
pack
66%
tried
66%
wanted
66%
behind
65%
key
65%
play
65%
wanna
65%
catch
63%
or
63%
walk
63%
chew
61%
games
61%
Kid
61%
mat
61%
train?
61%
synthesizer
60%
talk
60%
Am
58%
chin?
56%
laugh
56%
Sundance
56%
ruining
53%
fun?
50%
tune
50%
alright
47%
cabriolet
40%
No matching quizzes found
Score Distribution
Percent of People with Each Score
Percentile by Number Answered
Your Score History
You have not taken this quiz